[Event "3rd Panama Open"]
[Site "Panama City PAN"]
[Date "2013.11.03"]
[Round "6.36"]
[White "Juarez Flores,G"]
[Black "Oquendo,Eder"]
[Result "1/2-1/2"]
[WhiteElo "2167"]
[BlackElo "1997"]

1.e4 c5 2.Nf3 d6 3.d4 cxd4 4.Nxd4 Nf6 5.Nc3 a6 6.g3 e6 7.Bg2 Be7 8.O-O Nbd7
9.h3 Rb8 10.a4 Qc7 11.a5 Ne5 12.Nb3 Nc4 13.Qe2 b5 14.axb6 Rxb6 15.Ra4 Ne5
16.Be3 Rb8 17.f4 Ned7 18.Rc4 Qd8 19.e5 dxe5 20.fxe5 Nxe5 21.Rd1 Bd7 22.Rcd4 Rb4
23.Qxa6 O-O 24.Bf4 Rxd4 25.Rxd4 Ng6 26.Bd6 Bxd6 27.Qxd6 Qc8 28.Nc5 e5 29.Bb7 Qe8
30.Nxd7 exd4 31.Nxf6+ gxf6 32.Nd5 Qe5 33.Nxf6+ Kg7 34.Ne4 Qxd6 35.Nxd6 Rd8
36.Nc4 Ne7 37.Be4 f5 38.Bd3 Kf6 39.Kf2 Nc6 40.g4 fxg4 41.hxg4 h6 42.Kf3 Ne5+
43.Nxe5 Kxe5 44.b4 Kd5 45.b5 Re8 46.Kf4 Rf8+ 47.Kg3 Kc5 48.Kg2 Re8 49.Kf3 Re3+
50.Kf4 Re1 51.Kf5 Rg1 52.Kf4 Rg2 53.Kf5 Rf2+ 54.Kg6 Rh2 55.Kf5 Rh4 56.Be2 Rh1
57.Kg6 Rh2 58.Bd3 Kd5 59.Kf5 Rf2+  1/2-1/2

[Event "3rd Panama Open"]
[Site "Panama City PAN"]
[Date "2013.11.04"]
[Round "8.45"]
[White "Juarez Flores,G"]
[Black "Benitez Delgado,J"]
[Result "1-0"]
[WhiteElo "2167"]
[BlackElo "1897"]

1.e4 c5 2.Nf3 d6 3.d4 cxd4 4.Nxd4 Nf6 5.Nc3 a6 6.g3 b5 7.Bg2 Bb7 8.O-O e6
9.Re1 Qc7 10.Bg5 Be7 11.Bxf6 Bxf6 12.Ndxb5 axb5 13.Nxb5 Qb6 14.Nxd6+ Kf8
15.Nxb7 Bd4 16.Re2 Nc6 17.e5 Qxb7 18.Bxc6 Bxf2+ 19.Rxf2 Qxc6 20.Qd4 Ke7 21.Raf1 Rhf8
22.Qb4+ Ke8 23.Rd1 f5 24.Rd6 Qc8 25.Rfd2 Kf7 26.Rd7+ Kg6 27.Qe7  1-0

[Event "TCh-CZE Zapad 2013-14"]
[Site "Czech Rep CZE"]
[Date "2013.11.10"]
[Round "2.5"]
[White "Schula,M"]
[Black "Zima,Jan"]
[Result "1-0"]
[WhiteElo "2274"]
[BlackElo "1907"]

1.e4 c5 2.Nf3 d6 3.d4 cxd4 4.Nxd4 Nf6 5.Nc3 a6 6.g3 e5 7.Nb3 b5 8.Bg2 Be7
9.O-O O-O 10.Bg5 Nbd7 11.Bxf6 Nxf6 12.a3 Be6 13.Nd5 Nxd5 14.exd5 Bd7 15.Qd2 a5
16.Rfe1 Qb6 17.c3 Bf6 18.Qe3 Qb7 19.Nd2 Bf5 20.Be4 Bg4 21.Bxh7+ Kxh7 22.Qe4+ Kg8
23.Qxg4 Qxd5 24.Ne4 Be7 25.Rad1 Qc6 26.Ng5 Bxg5 27.Qxg5 f6 28.Qd2 Rfd8 29.Re3 Kf8
30.Rd3 Ke7 31.Rd5 Rd7 32.h4 Qb6 33.Kg2 Rb8 34.f4 Qc6 35.Kh2 Rbb7 36.Qd3 b4
37.axb4 axb4 38.c4 Rbc7 39.b3 Ra7 40.Rd2 Rab7 41.h5 Ra7 42.g4 Ra1 43.fxe5 fxe5
44.c5 Kd8 45.Qf5 Kc8 46.cxd6 Ra2 47.Rxa2 Qxd5 48.Rc2+  1-0

[Event "Chennai WGM 2013"]
[Site "Chennai IND"]
[Date "2013.11.12"]
[Round "9.5"]
[White "Soumya,Sw"]
[Black "Kiran,M"]
[Result "1/2-1/2"]
[WhiteElo "2348"]
[BlackElo "2237"]

1.e4 c5 2.Nf3 d6 3.d4 cxd4 4.Nxd4 Nf6 5.Nc3 a6 6.g3 e5 7.Nde2 h6 8.Bg2 Be7
9.h3 Be6 10.Be3 b5 11.O-O O-O 12.g4 b4 13.Nd5 Nxd5 14.exd5 Bc8 15.Ng3 Bg5
16.Bxg5 Qxg5 17.Ne4 Qe7 18.a3 bxa3 19.Rxa3 f5 20.gxf5 Bxf5 21.Rg3 Nd7 22.Qh5 Kh8
23.c4 Bxe4 24.Bxe4 Nf6 25.Qh4 Qb7 26.b3 Nxe4 27.Qxe4 Rf4 28.Qg6 Rf6 29.Qd3 Raf8
30.Qe3 Rf4 31.Ra1 Qf7  1/2-1/2

[Event "2nd Crimea Autumn 2013"]
[Site "Simferopol UKR"]
[Date "2013.11.13"]
[Round "1"]
[White "Alexeev,Alexe"]
[Black "Pavlov,Ma"]
[Result "0-1"]
[WhiteElo "2316"]
[BlackElo "2463"]

1.e4 c5 2.Nf3 d6 3.d4 cxd4 4.Nxd4 Nf6 5.Nc3 a6 6.g3 e5 7.Nb3 Be7 8.a4 Nc6
9.Bg2 Nb4 10.Bg5 O-O 11.O-O Bg4 12.Qd2 Rc8 13.a5 Qd7 14.Rfc1 Be6 15.Bxf6 Bxf6
16.Nd5 Nxd5 17.exd5 Bf5 18.c4 h6 19.Rc3 e4 20.Nd4 Bg6 21.Bf1 Bg5 22.Qe1 Rc5
23.b4 Rc7 24.Rb3 Bf6 25.Rd1 Ra8 26.b5 Rc5 27.bxa6 Rxa6 28.Rb5 Rc7 29.Rb6 Rxb6
30.axb6 Rc8 31.Nb5 Be5 32.Qe2 Kh7 33.Bg2 f5 34.Nc7 Qa4 35.Rb1 Bf7 36.Bh3 g6
37.g4 Rg8 38.Kh1 Qa3 39.Bg2 Qc3 40.Nb5 Qd3 41.Qxd3 exd3 42.gxf5 gxf5 43.Rd1 Rg4
44.Bh3 Rxc4 45.Bxf5+ Kg7 46.Rxd3 Kf6 47.Be6 Bg6 48.Re3 Bf4 49.Rb3 Bc2 50.Rc3 Rxc3
51.Nxc3 Bd2 52.Nb5 Be4+ 53.Kg1 Ke5 54.Bc8 Bxd5 55.Nc7 Bf3 56.Ne6 Bg4 57.Nd4 Bxc8
58.Nf3+ Kd5 59.Nxd2 Kc6 60.f4 Kxb6 61.Kf2 Kc6 62.Ke3 b5 63.Kd4 Be6 64.Ne4 b4
65.Ng3 Bf7 66.f5 Kd7 67.f6 d5 68.Nf5 h5 69.Ne7 b3 70.Kc3 d4+ 71.Kb2 d3 72.Kc3 d2
73.Kxd2 Ke6 74.Kc3 Kxf6 75.Nc6 Kf5 76.Nd4+ Kg4  0-1

[Event "23rd World Seniors 2013"]
[Site "Opatija CRO"]
[Date "2013.11.20"]
[Round "8.55"]
[White "Sasu Ducsoara,Ad"]
[Black "Andersson,Ka"]
[Result "1-0"]
[WhiteElo "2176"]
[BlackElo "2062"]

1.e4 c5 2.Nf3 d6 3.d4 cxd4 4.Nxd4 Nf6 5.Nc3 a6 6.g3 e5 7.Nb3 Be6 8.Bg2 b5
9.O-O Nbd7 10.a4 b4 11.Nd5 Nxd5 12.exd5 Bf5 13.Qe2 Qc7 14.Nd4 Bg6 15.f4 Qc5
16.Be3 Be7 17.Nf5 Qc7 18.Nxe7 Bxc2 19.Rac1 b3 20.fxe5 Nxe5 21.Nc6 Bd3 22.Nxe5 Bxe2
23.Rxc7 Bxf1 24.Kxf1 dxe5 25.d6 Rd8 26.Bc6+ Kf8 27.Bc5 f5 28.Bd5 g6 29.Rf7+ Ke8
30.Re7+ Kf8 31.d7 e4 32.Rxh7+  1-0

[Event "UT Dallas IM Inv 2013"]
[Site "Dallas USA"]
[Date "2013.11.21"]
[Round "1.4"]
[White "Camacho,C"]
[Black "Gater,Daniel"]
[Result "1/2-1/2"]
[WhiteElo "2210"]
[BlackElo "2115"]

1.e4 c5 2.Nf3 d6 3.d4 cxd4 4.Nxd4 Nf6 5.Nc3 a6 6.g3 e5 7.Nde2 Be7 8.Bg2 b5
9.h3 Nbd7 10.g4 b4 11.Nd5 Nxd5 12.exd5 a5 13.a3 Ba6 14.Bd2 Qb6 15.O-O O-O
16.Re1 Rfc8 17.axb4 axb4 18.Ng3 b3 19.cxb3 Nc5 20.Re3 Bg5 21.Ba5 Qb8 22.Rc3 Bb5
23.b4 Nb7 24.Bb6 Rxa1 25.Qxa1 Bd2 26.Rxc8+ Qxc8 27.Nf5 Kf8 28.Be3 Bxb4 29.Be4 g6
30.Bh6+ Ke8 31.Ng7+ Kd8 32.Qd1 Qc4 33.Qf3 Nc5 34.Qf6+ Kc8 35.Bg2 Nd3 36.Qxf7 Bc5
37.Ne6 Bxf2+ 38.Kh2 Qc2 39.Qf8+ Kb7 40.Nd8+ Ka7 41.Qe7+ Ka6 42.Qxd6+ Bb6
43.Qa3+ Ba4 44.b3 Qxb3 45.Qxb3 Bxb3 46.Nc6 Bc5  1/2-1/2

[Event "XXVII Belgrade Trophy"]
[Site "Obrenovac SRB"]
[Date "2013.11.24"]
[Round "1.28"]
[White "Zivkovic,Sava"]
[Black "Sablic,B"]
[Result "1-0"]
[WhiteElo "2334"]
[BlackElo "1930"]

1.e4 c5 2.Nf3 d6 3.d4 cxd4 4.Nxd4 Nf6 5.Nc3 a6 6.g3 Nc6 7.Bg2 Nxd4 8.Qxd4 Qc7
9.Bg5 e5 10.Qd2 Be6 11.O-O Be7 12.Rad1 Rd8 13.Bxf6 Bxf6 14.Nd5 Bxd5 15.Qxd5 O-O
16.Rd2 Qc6 17.Rfd1 Qxd5 18.Rxd5 Be7 19.Bh3 b6 20.R1d3 Rb8 21.Rc3 Rb7 22.Rc6 Rfb8
23.a4 g6 24.b4 Kg7 25.c3 h5 26.a5 bxa5 27.Rxa5 Rb6 28.Rxa6 R6b7 29.Bc8 Rb5
30.Ra7 Bf8 31.Rcc7 Kg8 32.Ba6 R5b6 33.Bc4  1-0

[Event "9th Ugra Governor's Cup B"]
[Site "Khanty-Mansiysk RUS"]
[Date "2013.11.29"]
[Round "2"]
[White "Musakaev,E"]
[Black "Zemerov,E"]
[Result "1-0"]
[WhiteElo "2327"]
[BlackElo "2027"]

1.e4 c5 2.Nf3 d6 3.d4 cxd4 4.Nxd4 Nf6 5.Nc3 a6 6.g3 e5 7.Nde2 Be7 8.Bg2 Nbd7
9.O-O b5 10.h3 Bb7 11.g4 Nc5 12.Ng3 b4 13.Nd5 Nxd5 14.exd5 g6 15.a3 a5 16.Bh6 Bg5
17.Bxg5 Qxg5 18.axb4 axb4 19.Rxa8+ Bxa8 20.f4 exf4 21.Re1+ Kd7 22.Qd4 Re8
23.Ne4 Rxe4 24.Rxe4 f3 25.Bxf3 Bxd5 26.Rf4 Bxf3 27.Rxf3 Qc1+ 28.Kg2 Qxc2+
29.Rf2 Qe4+ 30.Qxe4 Nxe4 31.Rxf7+  1-0

[Event "5th Classic Open 2013"]
[Site "London ENG"]
[Date "2013.12.07"]
[Round "1.14"]
[White "Bok,B"]
[Black "Friedland,J"]
[Result "1-0"]
[WhiteElo "2540"]
[BlackElo "2089"]

1.e4 c5 2.Nf3 d6 3.d4 cxd4 4.Nxd4 Nf6 5.Nc3 a6 6.g3 e5 7.Nb3 Be7 8.Bg2 Be6
9.O-O O-O 10.a4 Nc6 11.Nd5 Bxd5 12.exd5 Na5 13.Nd2 Rc8 14.b3 b5 15.axb5 axb5
16.Re1 Qc7 17.Nf1 Nb7 18.Ne3 Nc5 19.Bd2 Ra8 20.Qe2 Qd7 21.Bf1 Rxa1 22.Rxa1 Rb8
23.Ra5 b4 24.Rb5 Ra8 25.Bxb4 h6 26.Ra5 Rxa5 27.Bxa5 Bd8 28.Bxd8 Qxd8 29.b4 Na4
30.Qc4 Qb6 31.Qc8+ Kh7 32.Bd3+ g6 33.Qf8 Qc7 34.Nf5  1-0

[Event "5th Classic Open 2013"]
[Site "London ENG"]
[Date "2013.12.08"]
[Round "2.5"]
[White "Bartel,Mat"]
[Black "Khatanbaatar,B"]
[Result "0-1"]
[WhiteElo "2649"]
[BlackElo "2329"]

1.e4 c5 2.Nf3 d6 3.d4 cxd4 4.Nxd4 Nf6 5.Nc3 a6 6.g3 e6 7.Bg2 Qc7 8.O-O Nc6
9.f4 Nxd4 10.Qxd4 Bd7 11.Be3 Bc6 12.a4 Be7 13.b4 Rc8 14.h3 O-O 15.Rfb1 Nh5
16.Bf2 Bf6 17.Qd1 Nxf4 18.gxf4 Bxc3 19.Ra3 Bf6 20.c4 b5 21.cxb5 axb5 22.a5 Ba8
23.Rd3 Qc4 24.Re3 e5 25.f5 Bg5 26.Re1 Rfd8 27.Bb6 Rd7 28.Bf1 Qc6 29.Qd3 Qb7
30.Qxb5 Rc3 31.Bf2 Qc8 32.Rbd1 Bf4 33.Qe2 d5 34.Qg4 h5 35.Qxh5 dxe4 36.Ba6 Qc7
37.Bb6 Rg3+ 38.Kf1 Qc2 39.Be2 Rf3+ 40.Kg1 Qxe2 41.Rxe2 Rxd1+ 42.Kg2 Rg3+  0-1

[Event "PanAm Intercollegiate 2013"]
[Site "Lubbock USA"]
[Date "2013.12.28"]
[Round "3.2"]
[White "Zherebukh,Y"]
[Black "Vovsha,E"]
[Result "1-0"]
[WhiteElo "2614"]
[BlackElo "2483"]

1.e4 c5 2.Nf3 d6 3.d4 cxd4 4.Nxd4 Nf6 5.Nc3 a6 6.g3 e6 7.Bg2 Be7 8.O-O Qc7
9.g4 Nc6 10.g5 Nd7 11.Kh1 Nxd4 12.Qxd4 O-O 13.f4 Re8 14.a4 Bf8 15.a5 b5 16.axb6 Nxb6
17.Be3 Nc4 18.Bg1 g6 19.b3 Na5 20.Qa4 Nc6 21.Nb5 Qd7 22.Rad1 e5 23.Nc3 Rb8
24.Nd5 Bg7 25.f5 Nd4 26.Qxd7 Bxd7 27.fxg6 hxg6 28.Bxd4 exd4 29.Nf6+ Bxf6
30.Rxf6 Rb6 31.Rxd4 Rc8 32.Rf2 Rc5 33.h4 Kf8 34.Rfd2 Ke7 35.Kh2 a5 36.Bf1 Be6
37.Kg3 Rbc6 38.Bd3 Bc8 39.Bc4 Be6 40.Bd3 Bc8 41.Ra4 Rb6 42.Rd1 Bd7 43.Rd4 Be8
44.Ra1 Bc6 45.Kf4 Ke6 46.Bc4+ Ke7 47.Ke3 Bd7 48.Rd5 a4 49.Rf1 Be8 50.Rxc5 dxc5
51.bxa4 Rb4 52.Bd5 Rxa4 53.Rb1 Kd6 54.Rb8 Ra3+ 55.Kf4 Ke7 56.Rb7+ Kf8 57.c4 Rh3
58.Kg4 Ra3 59.Rc7 Ra5 60.Kf4 Kg7 61.Ke5 Ra3 62.Kd6 Rh3 63.Ke7 Ba4 64.Kd8  1-0

[Event "Cracovia Open A 2013-14"]
[Site "Krakow POL"]
[Date "2013.12.31"]
[Round "6.24"]
[White "Khamidov,K"]
[Black "Papadakis,M"]
[Result "1-0"]
[WhiteElo "2109"]
[BlackElo "2222"]

1.e4 c5 2.Nf3 d6 3.d4 cxd4 4.Nxd4 Nf6 5.Nc3 a6 6.g3 e5 7.Nb3 Nbd7 8.Bg2 b5
9.O-O Be7 10.a3 Bb7 11.Bg5 O-O 12.Re1 Rc8 13.Nd2 h6 14.Bxf6 Nxf6 15.Nf1 Qb6
16.Ne3 Rfd8 17.h4 a5 18.Ncd5 Nxd5 19.exd5 Bf8 20.Be4 Rc7 21.h5 Bc8 22.Qf3 Be7
23.Bd3 Bf6 24.Qe4 Kf8 25.c3 Bd7 26.Kg2 Rb8 27.Qh7 Rcc8 28.Bf5 Ke7 29.Bxd7 Kxd7
30.Ng4 Ke7 31.f4 Qc5 32.Rad1 Rh8 33.Qe4 Qc4 34.Rd4 Qb3 35.fxe5 dxe5 36.Nxe5  1-0

[Event "Cracovia Open A 2013-14"]
[Site "Krakow POL"]
[Date "2014.01.03"]
[Round "8.14"]
[White "Khamidov,K"]
[Black "Nasuta,G"]
[Result "0-1"]
[WhiteElo "2109"]
[BlackElo "2331"]

1.e4 c5 2.Nc3 d6 3.Nge2 Nf6 4.d4 cxd4 5.Nxd4 a6 6.g3 e5 7.Nb3 b5 8.Bg2 Bb7
9.a3 Nbd7 10.Bg5 Be7 11.O-O Rc8 12.Re1 O-O 13.Nd2 Nb6 14.Bxf6 Bxf6 15.Nd5 Nxd5
16.exd5 Bg5 17.c3 f5 18.Nf1 g6 19.Qb3 Rc5 20.Rad1 Qb6 21.Kh1 Kg7 22.Ne3 h5
23.Rf1 h4 24.f4 Bf6 25.g4 exf4 26.Rxf4 Rcc8 27.Nc2 Be5 28.Nd4 Bxf4 29.Ne6+ Kh7
30.Nxf4 fxg4 31.Ne6 h3 32.Bxh3 gxh3 33.c4 Rf6 34.Qxh3+ Kg8 35.Ng5 Qc7 36.Ne4 Rf5
37.Rg1 Qg7 38.Nxd6 Rxc4 39.Nxb7 Rc2 40.Nd6 Rh5 41.Qe6+ Kh7 42.h3 Re5 43.Qg4 Ree2
44.Rf1 Rh2+ 45.Kg1 Qa7+  0-1